Statistics for Hawthorn Hawks Theme Song

Click here to take the quiz!

General Stats

  • This quiz has been taken 134 times
  • The average score is 54 of 62

Answer Stats

Answer% Correct
The
100%
The
100%
The
100%
The
100%
The
100%
The
100%
A
99%
Hawks
99%
Hawks
99%
Hawthorn
99%
Hawthorn
99%
Hawthorn
99%
Team
99%
Team
99%
We
99%
We
99%
We
99%
We
99%
We're
99%
We're
99%
Mighty
98%
Mighty
98%
At
97%
At
97%
At
97%
Happy
97%
And
95%
And
95%
Fighting
95%
Fighting
95%
Play
95%
Play
95%
To
94%
Win
94%
Our
91%
Club
90%
Love
90%
Are
88%
Grin
85%
With
83%
For
80%
For
80%
Riding
80%
All
79%
All
79%
One
79%
One
79%
Bumps
76%
Come
74%
Way
73%
That
71%
Is
69%
Is
69%
Striving
68%
Thing
68%
Work
67%
Find
64%
May
63%
Us
63%
What
63%
Talks
62%
You'll
53%

Score Distribution

Percentile by Number Answered

Percent of People with Each Score

Your Score History

You have not taken this quiz